[Event "69th ch-RUS HL 2016"]
[Site "Kolomna RUS"]
[Date "2016.06.24"]
[Round "3.5"]
[White "Oparin, Grigoriy"]
[Black "Popov, Ivan RUS"]
[Result "1-0"]
[WhiteTitle "GM"]
[BlackTitle "GM"]
[WhiteElo "2597"]
[BlackElo "2648"]
[WhiteFideId "24125890"]
[BlackFideId "4170350"]
[EventDate "2016.06.22"]

1. Nf3 Nf6 2. g3 d5 3. Bg2 e6 4. O-O Be7 5. c4 O-O 6. b3 b6 7. Bb2 Bb7 8. e3 c5
9. Nc3 Qc8 10. Qe2 Rd8 11. Rfc1 dxc4 12. bxc4 Nc6 13. d3 Bf8 14. Rd1 g6 15. Ng5
Bg7 16. Nce4 Nxe4 17. Nxe4 e5 18. f4 f5 19. Nc3 Ne7 20. fxe5 Bxg2 21. Kxg2 Bxe5
22. d4 Qb7+ 23. Kg1 Bg7 24. d5 Nc8 25. e4 Re8 26. d6 Bd4+ 27. Rxd4 cxd4 28. Qd2
Qg7 29. Nb5 Rxe4 30. Nxd4 Qe5 31. d7 Nd6 32. Nb3 Qe6 33. Qc3 Qxd7 34. Qh8+ Kf7
35. Qxh7+ Ke8 36. Qg8+ Ke7 37. Qxa8 Nxc4 38. Qh8 Qd3 39. Qg7+ Kd6 40. Qxg6+ Re6
41. Qg5 Nxb2 42. Qd8+ Kc6 43. Qxd3 Nxd3 44. Nd4+ Kd5 45. Nxe6 1-0

[Event "69th ch-RUS HL 2016"]
[Site "Kolomna RUS"]
[Date "2016.06.24"]
[Round "3.6"]
[White "Savchenko, Boris"]
[Black "Ponkratov, Pavel"]
[Result "0-1"]
[WhiteTitle "GM"]
[BlackTitle "GM"]
[WhiteElo "2633"]
[BlackElo "2573"]
[WhiteFideId "4147332"]
[BlackFideId "4157800"]
[EventDate "2016.06.22"]

1. e4 e5 2. Nf3 Nc6 3. Bb5 Nf6 4. d3 Bc5 5. c3 d5 6. Qa4 O-O 7. Bxc6 bxc6 8.
Qxc6 Qd6 9. Nxe5 Ba6 10. d4 Bb6 11. a4 Rae8 12. Be3 Nxe4 13. a5 Bc5 14. Nd2 Qxc6
15. Nxc6 Bd6 16. O-O-O Bb5 17. Ne5 f6 18. Nef3 f5 19. g3 f4 20. gxf4 Bxf4 21.
Nxe4 Bxe3+ 22. fxe3 Rxf3 23. Nc5 Rfxe3 24. Rd2 g6 25. Kc2 Kg7 26. Nd3 Bd7 27.
Ne5 Bf5+ 28. Kb3 c5 29. Ka4 Rb8 30. b4 Rxc3 31. dxc5 Re3 32. Nc6 Bd7 33. b5 Re4+
34. Nd4 Rxb5 35. Rhd1 Rxc5+ 36. Kb4 Rc4+ 37. Ka3 Bg4 38. Rb1 Rexd4 39. Rb7+ Kh6
40. Rxd4 Rxd4 41. Rxa7 Bd1 0-1

[Event "69th ch-RUS HL 2016"]
[Site "Kolomna RUS"]
[Date "2016.06.24"]
[Round "3.7"]
[White "Alekseev, Evgeny"]
[Black "Predke, Alexandr"]
[Result "1/2-1/2"]
[WhiteTitle "GM"]
[BlackTitle "GM"]
[WhiteElo "2626"]
[BlackElo "2550"]
[WhiteFideId "4138147"]
[BlackFideId "24107581"]
[EventDate "2016.06.22"]

1. d4 Nf6 2. c4 e6 3. Nf3 b6 4. g3 Bb7 5. Bg2 Be7 6. O-O O-O 7. Re1 Na6 8. a3
Qc8 9. Nc3 Ne4 10. Nxe4 Bxe4 11. b4 Bf6 12. Bb2 Nb8 13. Qd2 d6 14. Bh3 Qd8 15.
Qe3 Bb7 16. Qb3 Nd7 17. Rad1 g6 18. e4 Bg7 19. Bg2 Qe7 20. h4 e5 21. h5 exd4 22.
Nxd4 Qg5 23. hxg6 hxg6 24. f4 Qg4 25. Kf2 Nf6 26. e5 dxe5 27. Bxb7 exd4 28. Bxa8
Rxa8 29. Bxd4 c5 30. bxc5 bxc5 31. Bxf6 Bxf6 32. Qf3 Bd4+ 33. Kg2 Qc8 34. Rb1
Rb8 35. Qe4 Kg7 36. Rxb8 Qxb8 37. Rb1 Qc8 38. Re1 Qb8 39. Rb1 Qc8 40. Rb7 Qg4
41. Qe1 a5 42. Re7 Bf6 43. Rb7 Bd4 44. a4 Qc8 45. Qe4 Qg4 46. Rb1 Qd7 47. Rb5
Qg4 48. Rb1 Qd7 49. Rb7 Qg4 50. Re7 Bf6 51. f5 Qd1 52. Re8 g5 53. Rb8 Qxa4 54.
Rb7 Qa2+ 55. Kh3 Qa1 56. Rd7 Qf1+ 57. Kg4 Bd4 58. Qe6 Qd1+ 59. Kxg5 Qc1+ 60. Kg4
Qd1+ 61. Kf4 Qc1+ 62. Kg4 1/2-1/2

[Event "69th ch-RUS HL 2016"]
[Site "Kolomna RUS"]
[Date "2016.06.24"]
[Round "3.8"]
[White "Oganian, Miran"]
[Black "Goganov, Aleksey"]
[Result "0-1"]
[WhiteTitle "IM"]
[BlackTitle "GM"]
[WhiteElo "2433"]
[BlackElo "2620"]
[WhiteFideId "4122488"]
[BlackFideId "24109959"]
[EventDate "2016.06.22"]

1. d4 Nf6 2. c4 e6 3. g3 d5 4. Nf3 Bb4+ 5. Bd2 Bd6 6. Bg2 O-O 7. O-O Nbd7 8. Qb3
c6 9. Nc3 Re8 10. Rad1 Qe7 11. Rfe1 dxc4 12. Qxc4 e5 13. e4 exd4 14. Nxd4 Ne5
15. Qe2 Bc5 16. Nf5 Bxf5 17. exf5 Qf8 18. Ne4 Nxe4 19. Bxe4 Bb4 20. Kg2 Bxd2 21.
Rxd2 Rad8 22. Rxd8 Rxd8 23. Bc2 Nd7 24. Bb3 Nf6 25. Qe7 Re8 26. Qxf8+ Kxf8 27.
Rd1 Re5 28. Rd8+ Ke7 29. Rc8 Ne8 30. g4 Re2 31. Rb8 Nd6 32. Rg8 c5 33. Kf3 Rxb2
34. Ke3 c4 35. Bd1 c3 36. Bb3 Ne8 37. f6+ Nxf6 38. Rxg7 Rxb3 39. axb3 c2 40. Kd2
Kf8 41. Rxh7 Nxh7 42. Kxc2 Ng5 43. h4 Nf3 44. h5 Ne5 45. g5 Nf3 0-1

[Event "69th ch-RUS HL 2016"]
[Site "Kolomna RUS"]
[Date "2016.06.24"]
[Round "3.10"]
[White "Yuffa, Daniil"]
[Black "Zvjaginsev, Vadim"]
[Result "1/2-1/2"]
[WhiteTitle "IM"]
[BlackTitle "GM"]
[WhiteElo "2502"]
[BlackElo "2677"]
[WhiteFideId "24131423"]
[BlackFideId "4113403"]
[EventDate "2016.06.22"]

1. c4 Nf6 2. Nf3 b6 3. g3 c5 4. Bg2 Bb7 5. O-O g6 6. Nc3 Bg7 7. d4 cxd4 8. Qxd4
Nc6 9. Qd3 O-O 10. Bf4 Rc8 11. Rfd1 Nb4 12. Qd2 a5 13. Rac1 d6 14. b3 Ne4 15.
Nxe4 Bxe4 16. Bh6 Bxh6 17. Qxh6 Bxf3 18. Bxf3 e6 19. Qd2 Qf6 20. a3 Nc6 21. Qe3
e5 22. Bd5 Nd4 23. Qd3 Rfd8 24. e3 Nc6 25. Rc2 Ne7 26. Bg2 Qe6 27. b4 axb4 28.
axb4 Rc7 29. h3 h5 30. Ra1 Rdc8 31. Bf1 b5 32. Ra6 bxc4 33. Qxd6 Qxd6 34. Rxd6
Rb7 35. Rxc4 Rxc4 36. Bxc4 Rxb4 37. Rd7 Rxc4 38. Rxe7 Rc5 39. h4 Kg7 40. Kg2 Kf6 1/2-1/2

[Event "69th ch-RUS HL 2016"]
[Site "Kolomna RUS"]
[Date "2016.06.24"]
[Round "3.11"]
[White "Sjugirov, Sanan"]
[Black "Gordievsky, Dmitry"]
[Result "0-1"]
[WhiteTitle "GM"]
[BlackTitle "IM"]
[WhiteElo "2665"]
[BlackElo "2523"]
[WhiteFideId "4189302"]
[BlackFideId "24112798"]
[EventDate "2016.06.22"]

1. d4 Nf6 2. c4 g6 3. Nc3 d5 4. Bg5 Ne4 5. h4 c5 6. cxd5 Nxc3 7. bxc3 Qxd5 8. e3
Nc6 9. Qf3 Qxf3 10. Nxf3 cxd4 11. cxd4 f6 12. Bf4 e5 13. dxe5 fxe5 14. Bg3 Bb4+
15. Nd2 Bf5 16. a3 Bc3 17. Rc1 Ba5 18. Rc5 O-O-O 19. Rxa5 Nxa5 20. Bxe5 Rhe8 21.
Bf4 Rd4 22. g3 h5 23. Be2 Rd5 24. f3 Bd3 25. e4 Rc5 26. Bd1 Rc3 27. a4 Rc1 28.
Nf1 Ra1 29. Ne3 Nc4 30. Rh2 Nxe3 31. Bxe3 Rd8 32. Bg5 Rd7 33. Bf6 Rb1 34. Rb2
Bxe4 35. Rxb1 Bxb1 36. g4 Rd6 37. Be5 Re6 38. f4 hxg4 39. Bxg4 Bf5 40. Be2 Rb6
41. Kd2 Rb4 42. Bd1 b6 43. Kc3 Rb1 44. Kd2 a5 0-1

[Event "69th ch-RUS HL 2016"]
[Site "Kolomna RUS"]
[Date "2016.06.24"]
[Round "3.12"]
[White "Riazantsev, Alexander"]
[Black "Bocharov, Ivan"]
[Result "1-0"]
[WhiteTitle "GM"]
[BlackTitle "FM"]
[WhiteElo "2646"]
[BlackElo "2517"]
[WhiteFideId "4125029"]
[BlackFideId "4180887"]
[EventDate "2016.06.22"]

1. d4 d5 2. c4 c6 3. Nf3 Nf6 4. e3 e6 5. b3 b6 6. Bd3 Bb7 7. O-O Nbd7 8. Bb2 Be7
9. Nbd2 O-O 10. Qe2 a5 11. a3 c5 12. cxd5 Nxd5 13. Rfd1 Qb8 14. Rac1 Rd8 15. Ne4
h6 16. dxc5 bxc5 17. Bb5 Qa7 18. Bxd7 Rxd7 19. Ne5 Rc7 20. Nxf7 Kxf7 21. Qh5+ g6
22. Qxh6 Rg8 23. Qh7+ Kf8 24. Be5 Rc6 25. f4 Nxe3 26. Rd7 Nf5 27. Qxe7+ 1-0

[Event "69th ch-RUS HL 2016"]
[Site "Kolomna RUS"]
[Date "2016.06.24"]
[Round "3.13"]
[White "Esipenko, Andrey"]
[Black "Romanov, Evgeny"]
[Result "1/2-1/2"]
[WhiteTitle "FM"]
[BlackTitle "GM"]
[WhiteElo "2471"]
[BlackElo "2642"]
[WhiteFideId "24175439"]
[BlackFideId "4148843"]
[EventDate "2016.06.22"]

1. e4 e5 2. Nf3 Nc6 3. Bb5 a6 4. Ba4 Nf6 5. O-O Be7 6. Re1 b5 7. Bb3 d6 8. c3
O-O 9. d4 Bg4 10. Be3 exd4 11. cxd4 Na5 12. Bc2 c5 13. h3 Bh5 14. g4 Bg6 15.
Nbd2 Rc8 16. d5 Re8 17. Kg2 c4 18. Bd4 Bf8 19. Bc3 Nb7 20. Nd4 Qb6 21. a3 Nc5
22. Qf3 a5 23. Nf5 Bxf5 24. gxf5 Ncd7 25. Rac1 Qd8 26. Nf1 g6 27. Ng3 Bh6 28.
Rcd1 Ne5 29. Qe2 Nfd7 30. Bd2 Bxd2 31. Qxd2 Nc5 32. Qh6 Qf6 33. Nh5 Qh8 34. f4
Ned3 35. Bxd3 cxd3 36. Qg5 Qxb2+ 37. Kg3 Nd7 38. Rxd3 Rc3 39. Rxc3 Qxc3+ 40. Kf2
Qd4+ 41. Kf1 Qd3+ 42. Kg1 Qxh3 43. fxg6 hxg6 44. Ng3 Rc8 45. e5 Rc2 46. Nf1 Qc3
47. Re3 Qd4 48. e6 Nf6 49. f5 Rc7 50. exf7+ Rxf7 51. fxg6 Re7 52. Kg2 Qxd5+ 53.
Qxd5+ Nxd5 54. Rxe7 Nxe7 55. Nd2 Kg7 56. Kf3 Kxg6 57. Ke4 Kf6 58. Nb3 Ke6 59.
Nxa5 d5+ 60. Kd4 Kd6 61. Nb7+ Kc7 62. Na5 Kb6 63. Nb3 Kc6 64. Na5+ Kd6 65. Nb7+
Kc7 66. Na5 Nc6+ 67. Kxd5 Nxa5 68. Kc5 Nc4 69. Kxb5 Nxa3+ 1/2-1/2

[Event "69th ch-RUS HL 2016"]
[Site "Kolomna RUS"]
[Date "2016.06.24"]
[Round "3.14"]
[White "Grachev, Boris"]
[Black "Novikov, Maxim"]
[Result "1-0"]
[WhiteTitle "GM"]
[BlackTitle "GM"]
[WhiteElo "2639"]
[BlackElo "2513"]
[WhiteFideId "4129199"]
[BlackFideId "4161289"]
[EventDate "2016.06.22"]

1. d4 Nf6 2. Nf3 g6 3. c4 c5 4. Nc3 Bg7 5. d5 O-O 6. e4 b5 7. cxb5 a6 8. a4 axb5
9. Bxb5 Ba6 10. Bg5 d6 11. O-O Bxb5 12. axb5 Nbd7 13. Qe2 Qc7 14. Ra6 h6 15. Bh4
Rxa6 16. bxa6 Qa5 17. e5 dxe5 18. Bxf6 Bxf6 19. Qb5 Qxb5 20. Nxb5 Ra8 21. a7 e4
22. Nd2 Bxb2 23. Nc4 Bd4 24. Rb1 Kg7 25. Nxd4 cxd4 26. Rb7 d3 27. Rxd7 Rc8 28.
d6 Rxc4 29. h3 Rd4 30. a8=Q d2 31. Qf8+ 1-0

[Event "69th ch-RUS HL 2016"]
[Site "Kolomna RUS"]
[Date "2016.06.24"]
[Round "3.15"]
[White "Moiseenko, Vadim"]
[Black "Kobalia, Mikhail"]
[Result "1-0"]
[WhiteTitle "IM"]
[BlackTitle "GM"]
[WhiteElo "2497"]
[BlackElo "2638"]
[WhiteFideId "4123700"]
[BlackFideId "4119150"]
[EventDate "2016.06.22"]

1. e4 c5 2. Nf3 Nc6 3. d4 cxd4 4. Nxd4 e6 5. Be2 Nf6 6. Nc3 d6 7. Be3 Be7 8. Qd2
O-O 9. O-O-O a6 10. f4 Nd7 11. h4 Qc7 12. h5 Re8 13. g4 b5 14. Nxc6 Qxc6 15. Bf3
Bb7 16. g5 Nb6 17. b3 Rac8 18. Ne2 Nd7 19. Kb1 Nc5 20. Ng3 Bf8 21. g6 fxg6 22.
hxg6 h6 23. f5 Nd7 24. Rdf1 Qc3 25. Qf2 Ne5 26. f6 gxf6 27. Bd1 Bg7 28. Bd4 Qc7
29. Be3 Qc3 30. Bd4 Qc7 31. Qe3 f5 32. exf5 exf5 33. Nxf5 Bxh1 34. Rxh1 Rf8 35.
Nxh6+ Bxh6 36. Qxh6 Qg7 37. Qh3 Rce8 38. Qg2 Rf6 39. Qd5+ Kf8 40. Be3 Ng4 41.
Bg5 Re5 42. Bxf6 Nxf6 43. Qxd6+ Qe7 44. Qb8+ Kg7 45. Qh8+ Kxg6 46. Qh6+ Kf7 47.
Rg1 Qf8 48. Qg6+ Ke7 49. Bf3 Qf7 50. Qh6 Qe6 51. Qg7+ Qf7 52. Qh8 1-0

[Event "69th ch-RUS HL 2016"]
[Site "Kolomna RUS"]
[Date "2016.06.24"]
[Round "3.16"]
[White "Khismatullin, Denis"]
[Black "Goryachkina, Aleksandra"]
[Result "0-1"]
[WhiteTitle "GM"]
[BlackTitle "WGM"]
[WhiteElo "2623"]
[BlackElo "2486"]
[WhiteFideId "4142578"]
[BlackFideId "4147103"]
[EventDate "2016.06.22"]

1. c4 Nf6 2. Nc3 e5 3. g3 Nc6 4. Bg2 Bb4 5. e4 Bxc3 6. bxc3 d6 7. d3 O-O 8. Nf3
Bd7 9. O-O Qc8 10. Rb1 Rb8 11. Nh4 Bh3 12. f4 Bxg2 13. Kxg2 Qg4 14. Qc2 Qd7 15.
Qe2 Ne7 16. fxe5 dxe5 17. Ba3 Rfe8 18. Rf3 b6 19. Rbf1 c5 20. Bc1 Ng6 21. Nf5
Re6 22. Nxg7 Kxg7 23. Qf2 Kg8 24. Bg5 Nh5 25. Qe2 f6 26. Bc1 Rd8 27. Bh6 Rd6 28.
Rf5 Ng7 29. Rxf6 Nf4+ 0-1

[Event "69th ch-RUS HL 2016"]
[Site "Kolomna RUS"]
[Date "2016.06.24"]
[Round "3.17"]
[White "Triapishko, Olexandr"]
[Black "Volkov, Sergey"]
[Result "0-1"]
[BlackTitle "GM"]
[WhiteElo "2466"]
[BlackElo "2604"]
[WhiteFideId "14122286"]
[BlackFideId "4122763"]
[EventDate "2016.06.22"]

1. e4 e6 2. d4 d5 3. e5 c5 4. c3 Bd7 5. Nf3 Nc6 6. Be2 Rc8 7. O-O a6 8. Nbd2
cxd4 9. cxd4 Nge7 10. Nb3 Nf5 11. Bd2 h5 12. Bd3 Be7 13. Bxf5 exf5 14. Nc5 Rc7
15. Rc1 O-O 16. Bf4 Be6 17. Qd2 Qc8 18. Nd3 Re8 19. h4 Qd7 20. Bg5 f6 21. Bf4
Rcc8 22. Rfe1 b6 23. g3 Bf7 24. Kg2 Kh7 25. Re2 Bf8 26. Qe1 a5 27. Bd2 Kg8 28.
Rc3 Nd8 29. Rb3 Rc6 30. Nf4 Ne6 31. Nxe6 Rexe6 32. Bf4 a4 33. Rbe3 b5 34. a3 Rc4
35. b3 Rc8 36. bxa4 bxa4 37. Qb1 Ree8 38. Qb6 Qc6 39. Qb1 Be6 40. Qe1 Kf7 41.
Rb2 Qa6 42. Qd1 Kg8 43. Ne1 Bf7 44. Nd3 Qa7 45. exf6 gxf6 46. Rxe8 Bxe8 47. Qe1
Bf7 48. Nc5 Bxc5 49. Qc3 Qa8 50. Rc2 Be6 51. Qe1 Kf7 52. Rxc5 Rxc5 53. dxc5 d4+
54. f3 Qd5 55. Qc1 Bd7 56. Bd6 Bc6 57. Qd1 Qa2+ 58. Kg1 Qxa3 59. Bf4 Qxc5 60.
Kf2 d3+ 61. Be3 Qd5 62. Ke1 a3 63. f4 a2 0-1

[Event "69th ch-RUS HL 2016"]
[Site "Kolomna RUS"]
[Date "2016.06.24"]
[Round "3.18"]
[White "Suleymanyants, Odisey"]
[Black "Antipov, Mikhail Al."]
[Result "0-1"]
[WhiteTitle "FM"]
[BlackTitle "GM"]
[WhiteElo "2268"]
[BlackElo "2584"]
[WhiteFideId "24149357"]
[BlackFideId "4107012"]
[EventDate "2016.06.22"]

1. e4 c5 2. Nf3 Nc6 3. g3 Nf6 4. d3 d5 5. exd5 Nxd5 6. Bg2 g6 7. O-O Bg7 8. Nbd2
O-O 9. Re1 b6 10. Nc4 Bb7 11. c3 Qc7 12. Qb3 Rad8 13. a4 Ba6 14. Ng5 e6 15. a5
Nxa5 16. Nxa5 bxa5 17. Be4 Nf6 18. Qa3 Bxd3 19. Bxd3 Rxd3 20. Qxa5 Qc6 21. Qa4
Qd5 22. Bf4 Nh5 23. Bc1 h6 24. Nh3 g5 25. Qe4 Rd1 26. Qe2 Rxe1+ 27. Qxe1 Qf3 28.
Qe3 Qf5 29. Kg2 Rd8 30. f3 Nf6 31. Nf2 Qc2 32. Kf1 g4 33. Qe2 Qxe2+ 34. Kxe2
gxf3+ 35. Kxf3 Rd7 36. Ra5 Bf8 37. Be3 Rb7 38. Nd3 Nd7 39. c4 Rb3 40. Ke2 Nb6
41. Rb5 Rxb5 42. cxb5 Nc4 43. Bf2 Nd6 44. Nxc5 Nxb5 45. Na6 Bg7 46. b4 Kf8 47.
Kd3 Ke7 48. Kc4 Nd6+ 49. Kb3 Nc8 50. Kc4 f5 51. Kb5 Kd6 52. Nc5 Kd5 53. Ka6 Bc3
54. b5 e5 55. Nb3 Kc4 56. Nc1 Bd4 57. Be1 Nd6 58. h3 h5 59. Ne2 Nxb5 60. g4 fxg4
61. hxg4 0-1

[Event "69th ch-RUS HL 2016"]
[Site "Kolomna RUS"]
[Date "2016.06.24"]
[Round "3.19"]
[White "Alekseenko, Kirill"]
[Black "Khegay, Dmitriy"]
[Result "1-0"]
[WhiteTitle "GM"]
[BlackTitle "FM"]
[WhiteElo "2576"]
[BlackElo "2434"]
[WhiteFideId "4135539"]
[BlackFideId "24153729"]
[EventDate "2016.06.22"]

1. e4 e6 2. d4 d5 3. Nc3 Bb4 4. e5 Ne7 5. a3 Bxc3+ 6. bxc3 c5 7. Qg4 O-O 8. Bd3
Nbc6 9. Qh5 Ng6 10. Nf3 Qc7 11. Be3 Nce7 12. h4 Nf5 13. g4 Nxe3 14. fxe3 cxd4
15. cxd4 Qc3+ 16. Kf2 Bd7 17. Rab1 f6 18. Kg3 fxe5 19. Ng5 Rf3+ 20. Kxf3 e4+ 21.
Kg3 Nf8 22. Rhf1 Be8 23. Rxf8+ Kxf8 24. Nxe6+ 1-0

[Event "69th ch-RUS HL 2016"]
[Site "Kolomna RUS"]
[Date "2016.06.24"]
[Round "3.20"]
[White "Pridorozhni, Aleksei"]
[Black "Gavrilov, Alexei1"]
[Result "1/2-1/2"]
[WhiteTitle "GM"]
[BlackTitle "GM"]
[WhiteElo "2552"]
[BlackElo "2466"]
[WhiteFideId "4127870"]
[BlackFideId "4104358"]
[EventDate "2016.06.22"]

1. e4 e5 2. Nf3 Nc6 3. d4 exd4 4. Nxd4 Bc5 5. Nxc6 Qf6 6. Qf3 dxc6 7. Nc3 Be6 8.
Qg3 O-O-O 9. Be3 Bxe3 10. Qxe3 Qd4 11. Qxd4 Rxd4 12. Rd1 Rxd1+ 13. Kxd1 Ne7 14.
Kc1 c5 15. Ne2 Bd7 16. Nf4 g5 17. Nd3 b6 18. h4 gxh4 19. Rxh4 Ng6 20. Rh5 Kd8
21. Kd2 Bg4 22. Rh6 f5 23. f3 fxe4 24. fxg4 exd3 25. Bxd3 Nf8 26. Ke3 Rg8 27.
Kf4 Ke7 28. Bf5 Rg7 29. Ke5 Ng6+ 30. Bxg6 hxg6 31. g5 Rf7 32. g4 Rf2 33. Rh7+
Kf8 34. Rxc7 Rxc2 35. Kf6 Rf2+ 36. Kxg6 Rxb2 37. Rf7+ Ke8 38. Rxa7 c4 39. a4 Kd8
40. Rf7 c3 41. Rf3 Rb3 42. Rf4 Rb1 43. Kf7 Rd1 44. Rc4 Rd7+ 45. Ke6 Rc7 46. Rd4+
Ke8 47. Rd1 c2 48. Rc1 Kf8 49. Kd5 1/2-1/2

[Event "69th ch-RUS HL 2016"]
[Site "Kolomna RUS"]
[Date "2016.06.24"]
[Round "3.21"]
[White "Sarana, Alexey"]
[Black "Chigaev, Maksim"]
[Result "0-1"]
[WhiteTitle "IM"]
[BlackTitle "IM"]
[WhiteElo "2422"]
[BlackElo "2542"]
[WhiteFideId "24133795"]
[BlackFideId "4108116"]
[EventDate "2016.06.22"]

1. d4 Nf6 2. c4 e6 3. Nf3 b6 4. g3 Bb7 5. Bg2 Be7 6. Nc3 Ne4 7. Bd2 Bf6 8. Rc1
O-O 9. O-O Nxd2 10. Qxd2 d6 11. d5 a5 12. e4 Nd7 13. Nd4 Nc5 14. b3 g6 15. Rce1
Bg7 16. f4 Re8 17. Rf2 Qd7 18. Bh3 Qd8 19. Bg2 Re7 20. Rfe2 Qf8 21. Ncb5 Rd8 22.
Na7 Bxd4+ 23. Qxd4 e5 24. Qd2 Rde8 25. Nb5 Ba6 26. Nc3 Bc8 27. Rf1 exf4 28. gxf4
f5 29. exf5 Rxe2 30. Nxe2 Bxf5 31. Nd4 Qf6 32. Nb5 Nd3 33. Qc3 Qe7 34. Rf3 Ne1
35. Rf2 Nd3 36. Rf3 Ne1 37. Rf2 Nxg2 38. Kxg2 c6 39. dxc6 Be4+ 40. Kg1 Bxc6 41.
Nd4 Qf6 42. Re2 Qxf4 43. Rxe8+ Bxe8 44. Ne2 Qg5+ 45. Kf2 Qh4+ 46. Kf1 Qxh2 47.
Qe3 Qh1+ 48. Kf2 Qh4+ 49. Kf1 Qd8 50. Nc3 Bc6 51. Ne2 Qf8+ 52. Ke1 Qe8 53. Qh3
d5 54. cxd5 Bb5 0-1

[Event "69th ch-RUS HL 2016"]
[Site "Kolomna RUS"]
[Date "2016.06.24"]
[Round "3.22"]
[White "Rakhmanov, Aleksandr"]
[Black "Bezgodov, Alexei"]
[Result "1-0"]
[WhiteTitle "GM"]
[BlackTitle "GM"]
[WhiteElo "2655"]
[BlackElo "2493"]
[WhiteFideId "4173708"]
[BlackFideId "4105257"]
[EventDate "2016.06.22"]

1. d4 d5 2. c4 dxc4 3. e3 e5 4. Bxc4 exd4 5. exd4 Nf6 6. Nc3 Bd6 7. Nge2 O-O 8.
Bg5 h6 9. Bh4 Nc6 10. f3 Be7 11. Bf2 Nb4 12. O-O c6 13. Ne4 Nbd5 14. Bb3 Kh8 15.
a3 Bf5 16. N2g3 Bh7 17. Re1 Qd7 18. Nc5 Qc7 19. Nge4 Rad8 20. Nd3 Nxe4 21. fxe4
Nb6 22. Qe2 Nd7 23. Rac1 Bg5 24. Rcd1 Rde8 25. Qf3 Be7 26. Nf4 Bd8 27. e5 c5 28.
Qg3 c4 29. Ba4 a6 30. Bxd7 Qxd7 31. d5 Qf5 32. Bd4 Qg5 33. Qf3 Bf5 34. h3 b5 35.
Kh1 Bc8 36. Bc3 Bb7 37. Re2 Qf5 38. Qg3 Qg5 39. Kh2 a5 40. Qf2 Bc7 41. d6 Bb8
42. Qg3 Kh7 43. h4 Qf5 44. Bxa5 f6 45. exf6 Qxf6 46. Bc3 Qf7 47. Ne6 Rg8 48.
Rde1 Bc8 49. Nc7 Rxe2 50. Rxe2 Bxc7 51. dxc7 Bd7 52. Rd2 Rc8 53. Be5 Rg8 54. Qf4 1-0

[Event "69th ch-RUS HL 2016"]
[Site "Kolomna RUS"]
[Date "2016.06.24"]
[Round "3.23"]
[White "Kozionov, Kirill"]
[Black "Khairullin, Ildar"]
[Result "1/2-1/2"]
[WhiteTitle "IM"]
[BlackTitle "GM"]
[WhiteElo "2440"]
[BlackElo "2629"]
[WhiteFideId "24101729"]
[BlackFideId "4151348"]
[EventDate "2016.06.22"]

1. e4 e6 2. d4 d5 3. exd5 exd5 4. Nf3 Bd6 5. c4 Nf6 6. Nc3 dxc4 7. Bxc4 O-O 8.
O-O Nc6 9. Bg5 h6 10. Bh4 Bg4 11. Re1 Bxf3 12. Qxf3 Nxd4 13. Qd3 Nc6 14. Rad1
Ne5 15. Rxe5 Bxe5 16. Qf5 Qe8 17. Bxf6 Bxf6 18. Bd3 g6 19. Qxf6 Rd8 20. h4 h5
21. Bc2 Rxd1+ 22. Bxd1 Qe1+ 23. Kh2 Re8 24. f4 Qe7 25. Nd5 Qd8 26. Bb3 c6 27.
Ne7+ Qxe7 28. Qxg6+ Kf8 29. Qh6+ Kg8 30. Qg6+ Kf8 31. Qh6+ Kg8 32. Qg6+ Kf8 33.
Qh6+ 1/2-1/2

[Event "69th ch-RUS HL 2016"]
[Site "Kolomna RUS"]
[Date "2016.06.24"]
[Round "3.24"]
[White "Demchenko, Anton"]
[Black "Cherniaev, Alexander"]
[Result "1-0"]
[WhiteTitle "GM"]
[BlackTitle "GM"]
[WhiteElo "2611"]
[BlackElo "2451"]
[WhiteFideId "4160258"]
[BlackFideId "4117301"]
[EventDate "2016.06.22"]

1. e4 c5 2. Nf3 Nc6 3. Nc3 Nf6 4. Bb5 Qc7 5. O-O a6 6. Bxc6 dxc6 7. e5 Nd5 8.
Ne4 Bg4 9. Nxc5 e6 10. Nb3 c5 11. d3 Be7 12. Re1 O-O 13. h3 Bh5 14. Qe2 b5 15.
Bd2 c4 16. dxc4 bxc4 17. Ba5 Bxf3 18. gxf3 Qc6 19. Nd4 Qc5 20. Bc3 Bg5 21. Rad1
Rae8 22. Qe4 Bd8 23. Ne2 f5 24. Qd4 Qc6 25. Qd2 Bh4 26. Bd4 g5 27. Kh2 Ne7 28.
f4 Rd8 29. Qe3 Ng6 30. Rg1 Rd7 31. Bc3 Rxd1 32. Rxd1 gxf4 33. Nxf4 Nxf4 34. Qxf4
Be7 35. Rg1+ Kf7 36. Qh6 Qf3 37. Qxh7+ Ke8 38. Qg6+ Kd7 39. Qg2 Qf4+ 40. Qg3 Qh6
41. Qf3 Rh8 42. Bd2 Qh4 43. a3 1-0

[Event "69th ch-RUS HL 2016"]
[Site "Kolomna RUS"]
[Date "2016.06.24"]
[Round "3.25"]
[White "Gabrielian, Artur"]
[Black "Lobanov, Sergei"]
[Result "0-1"]
[WhiteTitle "GM"]
[WhiteElo "2520"]
[BlackElo "2433"]
[WhiteFideId "4131002"]
[BlackFideId "24183750"]
[EventDate "2016.06.22"]

1. e4 c5 2. Nf3 d6 3. Bb5+ Bd7 4. Bxd7+ Qxd7 5. O-O Nf6 6. e5 dxe5 7. Nxe5 Qc8
8. Qf3 e6 9. Nc3 Be7 10. d3 O-O 11. Bg5 Nd5 12. Bd2 Nb4 13. Rac1 N8c6 14. Nxc6
Nxc6 15. Qg3 Nd4 16. Rfe1 Qc6 17. b3 b5 18. Ne4 a5 19. Bc3 a4 20. b4 Nf5 21. Qf3
Rfc8 22. Nxc5 Qxf3 23. gxf3 Bxc5 24. bxc5 Rxc5 25. Bb4 Rc6 26. c3 f6 27. Kf1 Kf7
28. Ke2 e5 29. Kd2 Rd8 30. Ba3 Rd5 31. Re4 Nd6 32. Bxd6 Rcxd6 33. Re3 f5 34. Ke1
Kf6 35. c4 Rc5 36. Ke2 Rd4 37. Kf1 bxc4 38. dxc4 Rdxc4 39. Rxc4 Rxc4 40. Rd3 Ke6
41. Kg2 h5 42. h3 h4 43. Re3 g5 44. Rd3 e4 45. fxe4 Rxe4 46. Rd8 Rc4 47. Rg8 Kf6
48. Ra8 Ke5 49. Re8+ Kf4 50. Ra8 g4 51. Rh8 gxh3+ 52. Kxh3 Kf3 53. Rxh4 f4 0-1

[Event "69th ch-RUS HL 2016"]
[Site "Kolomna RUS"]
[Date "2016.06.24"]
[Round "3.26"]
[White "Sviridov, Valery"]
[Black "Rodin, Dmitrij"]
[Result "1-0"]
[BlackTitle "FM"]
[WhiteElo "2517"]
[BlackElo "2371"]
[WhiteFideId "4120680"]
[BlackFideId "4127412"]
[EventDate "2016.06.22"]

1. g3 Nf6 2. Bg2 e6 3. Nf3 d5 4. O-O Be7 5. c4 O-O 6. d4 c6 7. Qc2 Nbd7 8. Rd1
b6 9. b3 Bb7 10. Nc3 Ba6 11. Nd2 Rc8 12. e4 c5 13. exd5 cxd4 14. dxe6 fxe6 15.
Nce4 Nc5 16. Nxf6+ Bxf6 17. Ne4 Nxe4 18. Bxe4 h6 19. Qe2 Be5 20. Ba3 Rf7 21. Bg6
Rf6 22. Qxe5 Rxg6 23. Rxd4 Qe8 24. Rad1 Bb7 25. Rd7 Rg5 26. Qe3 Qh5 27. Qxe6+
Kh7 28. Qf7 Rg6 29. Bb2 Rg8 30. R1d6 Be4 31. Rxg6 Qxg6 32. Qxg6+ Kxg6 33. h3 h5
34. Rxa7 Rd8 35. Rxg7+ Kf5 36. g4+ hxg4 37. hxg4+ Kf4 38. Bc1+ Kf3 39. Rf7+ Kxg4
40. f3+ Bxf3 41. Kf2 Bd1 42. Rf4+ Kh3 43. Rf6 b5 44. cxb5 Ra8 45. Ra6 Rc8 46.
Bd2 Kg4 47. b6 Kf5 48. b7 Rb8 49. Rb6 Bc2 50. Rb5+ Ke4 51. Rb4+ Kd5 1-0

[Event "69th ch-RUS HL 2016"]
[Site "Kolomna RUS"]
[Date "2016.06.24"]
[Round "3.27"]
[White "Prizant, Jaroslav"]
[Black "Yanchenko, Roman"]
[Result "1/2-1/2"]
[WhiteTitle "IM"]
[BlackTitle "FM"]
[WhiteElo "2511"]
[BlackElo "2414"]
[WhiteFideId "4140664"]
[BlackFideId "4137329"]
[EventDate "2016.06.22"]

1. e4 e5 2. Nf3 Nf6 3. Nxe5 d6 4. Nf3 Nxe4 5. c4 Nc6 6. Nc3 Nxc3 7. dxc3 Be7 8.
Bf4 Be6 9. Qc2 Qd7 10. Bd3 h6 11. O-O-O O-O-O 12. h4 Kb8 13. Kb1 Bf6 14. b3 Rhe8
15. Be3 Bg4 16. Rd2 Qe7 17. Re1 Qf8 18. Nh2 Bd7 19. Nf3 Bg4 20. Nh2 Bd7 21. Nf3
Bg4 1/2-1/2